Can You Name The Entire Memphis Grizzlies Roster 2024-2025 - Statistics

General Stats
  • This quiz has been taken 12 times
  • The average score is 12 of 18
Answer Stats
Player % Correct
Ja Morant
100%
Jaren Jackson Jr
100%
Zach Edey
92%
Desmond Bane
83%
Santi Aldama
75%
Brandon Clarke
67%
Luke Kennard
67%
Yuki Kawamura
67%
Jaylen Wells
58%
John Konchar
58%
Scotty Pippen Jr
58%
Cam Spencer
50%
GG Jackson
50%
Jay Huff
50%
Marvin Bagley
50%
Vince Williams Jr
50%
Lamar Stevens
42%
Zyon Pullin
42%
No matching quizzes found
Score Distribution
Percent of People with Each Score
Percentile by Number Answered
Your Score History
You have not taken this quiz